书目信息 |
| 题名: |
新闻学原理
|
|
| 作者: | 伊尼斯 著 ;王海 译 | |
| 分册: | ||
| 出版信息: | 北京 中国传媒大学出版社 2013.01 |
|
| 页数: | 307页 | |
| 开本: | 22cm | |
| 丛书名: | 新闻学与传播学经典译丛 | |
| 单 册: | ||
| 中图分类: | H319.4:G210 , G210 | |
| 科图分类: | ||
| 主题词: | 新闻学--汉语--对照读物 , 新闻学 , 英语 , 汉语 , 新闻工作 | |
| 电子资源: | ||
| ISBN: | 978-7-5657-0630-1 | |
| 000 | 01146oam2 2200337 450 | |
| 001 | 010050023224 | |
| 005 | 20130504102526.99 | |
| 010 | @a978-7-5657-0630-1@b精装@dCNY48.00 | |
| 100 | @a20130130d2013 em y0chiy50 ea | |
| 101 | 2 | @achi@aeng@ceng |
| 102 | @aCN@b110000 | |
| 105 | @ay z 001yy | |
| 106 | @ar | |
| 200 | 1 | @a新闻学原理@9xin wen xue yuan li@dThe principles of journalism@e中文·英文(双语版)@f(加)哈罗德·伊尼斯(Harold Innis)著@g王海译@zeng |
| 210 | @a北京@c中国传媒大学出版社@d2013.01 | |
| 215 | @a307页@d22cm | |
| 225 | 2 | @a新闻学与传播学经典译丛@i大师系列 |
| 330 | @a本书共分为十四章,主要内容包括:起源;新闻采写原则;新闻首要功能;新闻选择;新闻取舍;新闻真实性等。 | |
| 462 | 0 | @12001 @a大师系列@1701 0@a展江@4主编 |
| 510 | 1 | @aPrinciples of journalism@zeng |
| 606 | 0 | @a新闻学@x汉语@j对照读物 |
| 606 | 0 | @a新闻学 |
| 606 | 0 | @a英语 |
| 606 | 0 | @a汉语 |
| 606 | 0 | @a新闻工作 |
| 690 | @aH319.4:G210@v5 | |
| 690 | @aG210@v4 | |
| 701 | 0 | @c(加)@a伊尼斯@9yi ni si@c(Innis, Harold@f1894-1952)@4著 |
| 702 | 0 | @a王海@9wang hai@4译 |
| 801 | 0 | @aCN@b人天书店@c20130130 |
| 905 | @b542911-15@dG210@e497@f5 | |
| 新闻学原理=The principles of journalism:中文·英文(双语版)/(加)哈罗德·伊尼斯(Harold Innis)著/王海译.-北京:中国传媒大学出版社,2013.01 |
| 307页;22cm.-(新闻学与传播学经典译丛.大师系列) |
| ISBN 978-7-5657-0630-1(精装):CNY48.00 |
| 本书共分为十四章,主要内容包括:起源;新闻采写原则;新闻首要功能;新闻选择;新闻取舍;新闻真实性等。 |
| ● |
| 相关链接 |
|
|
|
|
正题名:新闻学原理
索取号:G210/497
 
预约/预借
| 序号 | 登录号 | 条形码 | 馆藏地/架位号 | 状态 | 备注 |
| 1 | 542911 | 205429115 | 第一样本阅览室/ [索取号:G210/497] | 在馆 | |
| 2 | 542912 | 205429124 | 第四借阅区/ [索取号:G210/497] | 在馆 | |
| 3 | 542913 | 205429133 | 第四借阅区/ [索取号:G210/497] | 在馆 | |
| 4 | 542914 | 205429142 | 第四借阅区/ [索取号:G210/497] | 在馆 | |
| 5 | 542915 | 205429151 | 密集书库-文学院/ [索取号:G210/497] | 在馆 |